<?xml version="1.0" encoding="UTF-8"?>
<record
    xmlns:xsi="http://www.w3.org/2001/XMLSchema-instance"
    xsi:schemaLocation="http://www.loc.gov/MARC21/slim http://www.loc.gov/standards/marcxml/schema/MARC21slim.xsd"
    xmlns="http://www.loc.gov/MARC21/slim">

  <leader>02966nam a22002417a 4500</leader>
  <controlfield tag="003">OSt</controlfield>
  <controlfield tag="005">20260511180931.0</controlfield>
  <controlfield tag="008">260428b        |||||||| |||| 00| 0 eng d</controlfield>
  <datafield tag="022" ind1=" " ind2=" ">
    <subfield code="a">2950-2764</subfield>
  </datafield>
  <datafield tag="040" ind1=" " ind2=" ">
    <subfield code="a">TBS</subfield>
    <subfield code="b">EN</subfield>
    <subfield code="c">TBS</subfield>
  </datafield>
  <datafield tag="041" ind1=" " ind2=" ">
    <subfield code="a">eng</subfield>
  </datafield>
  <datafield tag="100" ind1=" " ind2=" ">
    <subfield code="a">Haleem, Abid</subfield>
    <subfield code="9">26966</subfield>
    <subfield code="e">author</subfield>
  </datafield>
  <datafield tag="245" ind1=" " ind2=" ">
    <subfield code="a">Perspective of leadership 4.0 in the era of fourth industrial revolution </subfield>
    <subfield code="b">: a comprehensive view</subfield>
    <subfield code="c">/ Abid Haleem, Mohd Javaid, Ravi Pratap Singh.</subfield>
  </datafield>
  <datafield tag="260" ind1=" " ind2=" ">
    <subfield code="b">Journal of Industrial Safety,</subfield>
    <subfield code="c">2024</subfield>
  </datafield>
  <datafield tag="490" ind1=" " ind2=" ">
    <subfield code="a">Journal of Industrial Safety</subfield>
    <subfield code="v">vol.1, (1)</subfield>
  </datafield>
  <datafield tag="520" ind1=" " ind2=" ">
    <subfield code="a">Leadership 4.0 focuses on leaders developing their digital transformation strategy and ensuring alignment with the organization&#x2019;s business and development ambitions. This is accomplished by successfully displaying disruptive digital leadership characteristics, which include emotional and social intelligence abilities such as empathy and relationship management, cognitive preparedness, critical thinking, inventive thinking, agility, and resilience. Academics and consultants increasingly use Leadership 4.0 to describe the new leadership style required for the Fourth Industrial Revolution (Industry 4.0). It strategically addresses people&#x2019;s concerns, which are crucial for the effective integration of Industry 4.0, and plays a significant and crucial role in integrating Industry 4.0 into modern workplaces. The primary purpose of this paper is to explore Leadership 4.0 and its needs. Several quality characteristics associated with Digital Leadership 4.0 are investigated, and two-dimensional style matrix presentations for Leadership 4.0 are briefed. Finally, this study identifies and addresses the role of Leadership 4.0 in upcoming industrial management systems. Because digital technologies now impact the entire business, advancing digital strategies requires strong leadership at all levels. With the increasing prevalence of digital transformation in the business sector and the intensification of the "battle for talent," organizations need to consider a more methodical approach to building a solid leadership pipeline with the capabilities required to lead in the digital era. They may place future leaders in positions that require them to go beyond their current competencies and skills to instruct and motivate them to promptly acquire new digital skills. In a new working setting, effectively managing the dynamic interactions between machines, technology, and people is essential for influential digital leaders. Leadership 4.0 is expected to foster an open and innovative culture that welcomes change and progress. This will encourage and inspire their teams to adapt to the ongoing changes in the market.</subfield>
  </datafield>
  <datafield tag="630" ind1=" " ind2="0">
    <subfield code="a">B2 PBT Regenerative Leadership (BiM)</subfield>
    <subfield code="9">26902</subfield>
  </datafield>
  <datafield tag="650" ind1=" " ind2="0">
    <subfield code="a">Industrial safety</subfield>
    <subfield code="9">26969</subfield>
  </datafield>
  <datafield tag="700" ind1=" " ind2=" ">
    <subfield code="a">Javaid, Mohd</subfield>
    <subfield code="9">26967</subfield>
    <subfield code="e">author</subfield>
  </datafield>
  <datafield tag="700" ind1=" " ind2=" ">
    <subfield code="a">Singh, Ravi Pratap</subfield>
    <subfield code="9">26968</subfield>
    <subfield code="e">author</subfield>
  </datafield>
  <datafield tag="856" ind1=" " ind2=" ">
    <subfield code="u">https://doi.org/10.1016/j.jinse.2024.100006</subfield>
  </datafield>
  <datafield tag="942" ind1=" " ind2=" ">
    <subfield code="2">lcc</subfield>
  </datafield>
  <datafield tag="952" ind1=" " ind2=" ">
    <subfield code="0">0</subfield>
    <subfield code="1">0</subfield>
    <subfield code="2">lcc</subfield>
    <subfield code="4">0</subfield>
    <subfield code="7">0</subfield>
    <subfield code="8">CT</subfield>
    <subfield code="a">TBS</subfield>
    <subfield code="b">TBS</subfield>
    <subfield code="d">2026-05-11</subfield>
    <subfield code="l">0</subfield>
    <subfield code="r">2026-05-11</subfield>
    <subfield code="u">https://doi.org/10.1016/j.jinse.2024.100006</subfield>
    <subfield code="w">2026-05-11</subfield>
    <subfield code="y">ARTICLE</subfield>
  </datafield>
  <datafield tag="999" ind1=" " ind2=" ">
    <subfield code="c">5429</subfield>
    <subfield code="d">5429</subfield>
  </datafield>
</record>
